| 000 | 00390nam a2200157Ia 4500 | ||
|---|---|---|---|
| 008 | 230524s9999 xx 000 0 und d | ||
| 082 |
_a621.38 _bJAW |
||
| 100 | _aWaman Jawadekar | ||
| 245 | 0 | _aSoftware Engineering Principles And Practice | |
| 250 | _a1ST | ||
| 260 |
_aNEW DELHI _bTMH _c2004 |
||
| 300 | _aXXVI;844 | ||
| 500 | _aQuantity Number: 2 | ||
| 650 | _aComp-Sc | ||
| 942 | _cBK | ||
| 999 |
_c23902 _d23902 |
||